The Resourceful Writer: A Basic Writing Course (Запис № 282021)
[ простий вигляд ]
| 000 -Лідер | |
|---|---|
| fixed length control field | 01671nam a22002657a 4500 |
| 001 - Контрольний номер | |
| control field | 2162214035926686 |
| 003 - Ідентифікатор контрольного номера | |
| control field | UA-OsUOA |
| 005 - Дата та час останнього входження (трансакції) | |
| control field | 20260318152400.0 |
| 008 - Елементи даних фіксованої довжини – загальна інформація | |
| fixed length control field | 260318b -us||||| |||| 00| 0 eng d |
| 020 ## - Міжнародний стандартний книжковий номер (ISBN) | |
| Міжнародний стандартний книжковий номер (ISBN) (НП) | 9780395904206 |
| 040 ## - Джерело каталогізації | |
| Агенція оригінальної каталогізації | UA-OsUOA |
| Мова каталогізації | eng |
| Агенція, яка здійснювала перезапис | UA-OsUOA |
| Агенція, яка здійснювала модифікацію | UA-OsUOA |
| 041 ## - Код мови | |
| Код мови тексту/ звукової доріжки чи окремого заголовка (П) | eng |
| 080 ## - Індекс Універсальної десяткової класифікації | |
| Індекс Універсальної десяткової класифікації (УДК) (НП) | 811.111(075) |
| 090 ## - Локальний шифр розміщення | |
| Класифікаційний індекс УДК | 811.111(075) |
| Авторський знак (НП) | B25 |
| 100 ## - Основне введення – ім’я особи | |
| Ім’я особи (НП) | Barnwell W. H. |
| 9 (RLIN) | 18638 |
| 245 ## - Відомості про назву | |
| Назва (НП) | The Resourceful Writer: A Basic Writing Course |
| Дані про відповідальність (НП) | William H. Barnwell, Robert Dees |
| 250 ## - Відомості про видання (редакцію) | |
| Відомості про видання (редакцію) (НП) | Fourth Edition |
| 260 ## - Публікація, розповсюдження і т.п. (Вихідні дані) | |
| Місце публікації, розповсюдження і т.п. (П) | Boston |
| -- | New York |
| Ім’я/ наймення видавництва, розповсюджувача і т.п. (П) | Houghton Mifflin Company |
| Дата публікації, розповсюдження і т.п. (П) | 1999 |
| 300 ## - Фізичний опис | |
| Обсяг | 570 p. |
| 520 ## - Резюме і т.п. | |
| Резюме, реферат, анотація, тощо (НП) | This classic introductory textbook offers a comprehensive guide to mastering the fundamentals of English composition. Built on the philosophy that effective writing begins with personal experience, the course leads students from expressive "freewriting" to structured academic and professional exposition.<br/>The book focuses on the writing process, emphasizing prewriting, drafting, and systematic revision. It uniquely integrates grammar and mechanics within the context of the student’s own work, rather than as isolated drills. Through a variety of rhetorical patterns—such as description, narration, and argumentation—The Resourceful Writer helps students build confidence, overcome writer's block, and develop a clear, resourceful prose style. It remains an essential tool for developmental writing programs and anyone seeking to strengthen their foundational communication skills. |
| 650 ## - Додаткове предметне введення – тематичний термін | |
| Тематичний термін чи географічна назва, як елемент введення (НП) | 81 Лінгвістика. Мовознавство. Мови |
| 9 (RLIN) | 1918 |
| 700 1# - Додаткове введення – ім'я особи | |
| Ім’я особи (НП) | Dees R. |
| 9 (RLIN) | 24529 |
| 942 ## - Додаткові елементи входу (Коха) | |
| Тип елемента Koha | Книги |
| Source of classification or shelving scheme | Universal Decimal Classification |
| 955 ## - Код типу видання за змістом | |
| Код типу видання за змістом (НП) | Навчальні видання |
| Стан вилучень | Стан втрат | Джерело класифікації або схеми стелажів | Стан уражень | Не для кредиту | Постійне місце розташування | Поточне розміщення | Дата придбання | Джерело придбання | Вартість, звичайна ціна покупки | Усього замовленно | Загальна кількість оновлень | Повний номер виклику | Штрих-код | Дата останнього перегляду | Дата останньої перевірки | Вартість, ціна заміни | Ціна ефективна від | Тип елемента Koha |
|---|---|---|---|---|---|---|---|---|---|---|---|---|---|---|---|---|---|---|
| Universal Decimal Classification | ВІЛ - Відділ іноземн. літератури НБ | ВІЛ - Відділ іноземн. літератури НБ | 08/08/2005 | Акт № 5\05 | 5.00 | 1 | 1 | 811.111(075) B25 | 209339 | 22/08/2025 | 30/08/2019 | 5.00 | 26/12/2005 | Книги |